000 00443nam a2200181Ia 4500
001 13030
005 20260306163024.0
008 260306t1996||||xx |||||||||||||| ||spa||
041 _aESP
082 _aRD 658.003
_bR84
100 _aRosenberg, Jerry M.
_eAUT
245 0 _aDiccionario de administración y finanzas
260 _c1996
300 _a641 páginas :
_c26 cm.
650 _aGEN
654 _aCAN
942 _cDIC
_dJUS
_fJUS
_2ddc
_n
999 _c13030
_d13030